Derecho penal. Tomo IV. Parte especial.

Saved in:
Bibliographic Details
Main Author: Garrido Montt, Mario (autor)
Format: Book
Language:English
Published: Santiago, Chile: Jurídica de Chile, 2000
Edition:Segunda edición
Subjects:
Tags: Add Tag
No Tags, Be the first to tag this record!

MARC

LEADER 00000nam a22000007a 4500
003 CL-VaPUC
005 20250508162029.0
008 250508t2000 ||||| |||| 00| 0 eng d
999 |c 449317  |d 449315 
020 |a 9561014181 
040 |c Pontificia Universidad Católica de Valparaíso 
082 0 4 |2 21  |a 345.02 GAR 2000 
100 1 |a Garrido Montt, Mario  |e autor  |9 902696 
245 1 0 |a Derecho penal.  |b Tomo IV. Parte especial. 
250 |a Segunda edición 
260 |a Santiago, Chile:  |b Jurídica de Chile,  |c 2000 
300 |a Tomo IV; 447 páginas 
505 |a t.IV: parte especial, delitos de falsedad: de monedas, de documentos públicos y privados; falso testimonio, perjurio, acusación calumniosa, ejercicio ilegal de la profesión; delitos contra la propiedad: hurto, robo, usurpación, defraudaciones, estafas, apropiación indebida, incendio, estragos, daños 
583 |c 20250508  |k Valeria Valenzuela 
650 1 |a Derecho penal chileno   |9 902710 
650 1 |a Delitos de falsedad  |9 889217 
650 1 |a Delitos contra la propiedad  |9 256091 
650 1 |a Delitos   |z Chile  |9 902711 
942 |2 ddc  |c BK 
952 |0 0  |1 0  |2 ddc  |4 0  |6 345_020000000000000_GAR_2000  |7 0  |8 A  |9 350423  |a BIBDER  |b BIBDER  |d 2019-11-20  |h t.IV  |i 4027043  |o 345.02 GAR 2000  |p 4027043  |r 2023-01-25  |t 1  |w 2019-11-20  |y BK  |k DER 
952 |0 0  |1 0  |2 ddc  |4 0  |6 345_020000000000000_GAR_2000  |7 0  |8 A  |9 350424  |a BIBDER  |b BIBDER  |d 2019-11-20  |h t.IV  |i 4027051  |o 345.02 GAR 2000  |p 4027051  |r 2023-01-25  |t 2  |w 2019-11-20  |y BK  |k DER